| 000 | 00413nam a2200157Ia 4500 | ||
|---|---|---|---|
| 008 | 230711s9999||||xx |||||||||||||| ||und|| | ||
| 041 | _aENG | ||
| 082 |
_a4 _bDO-A |
||
| 100 | _aDoeff,Levasseur | ||
| 245 | 0 | _aApplied discrete structure for computer science | |
| 250 | _a1st . . Ed. | ||
| 260 |
_c2008 _aNew Delhi _bGalgotia Publications Pvt.Ltd |
||
| 300 | _a523 | ||
| 650 | _aComputer Engineering | ||
| 942 | _cBK | ||
| 999 |
_c4896 _d4896 |
||